Central Library OPAC University of Rajshahi

Masha Nikiforova's days / (Record no. 24700)

MARC details
000 -LEADER
fixed length control field 00850cam a2200253 i 4500
001 - CONTROL NUMBER
control field 24700
003 - CONTROL NUMBER IDENTIFIER
rucl marc code BD-RjUL
005 - DATE AND TIME OF LATEST TRANSACTION
control field 20211209001104.0
008 - FIXED-LENGTH DATA ELEMENTS--GENERAL INFORMATION
fixed length control field 140315s1978 ru a j 000 1 eng
035 ## - SYSTEM CONTROL NUMBER
System control number (BD-RjUL)24769
040 ## - CATALOGING SOURCE
Original cataloging agency DLC
Transcribing agency DLC
Modifying agency DLC
-- BD-RjUL
Language of cataloging eng
041 1# - LANGUAGE CODE
Language code of text/sound track or separate title engrus
082 ## - DEWEY DECIMAL CLASSIFICATION NUMBER
Classification number 920
Author mark and year VOM 1978
100 1# - MAIN ENTRY--PERSONAL NAME
Personal name Voskoboĭnikov, Valeriĭ Mikhaĭlovich.
9 (RLIN) 76028
245 10 - TITLE STATEMENT
Title Masha Nikiforova's days /
Statement of responsibility, etc. Valery Voskoboĭnikov ; [translated from the Russian by Fainna Glagoleva].
260 ## - PUBLICATION, DISTRIBUTION, ETC. (IMPRINT)
Place of publication, distribution, etc. Moscow :
Name of publisher, distributor, etc. Progress Publishers,
Date of publication, distribution, etc. c1978.
300 ## - PHYSICAL DESCRIPTION
Pagination 84 p. :
Illustrations ill. ;
Size 20 cm.
500 ## - GENERAL NOTE
General note Translation of Tetradʹ v krasnoĭ oblozhke.
650 #0 - SUBJECT ADDED ENTRY--TOPICAL TERM
Topical term or geographic name as entry element Children's literature,
Form subdivision TRANSLATIONS INTO ENGLISH
Geographic subdivision Russian
9 (RLIN) 76029
942 ## - ADDED ENTRY ELEMENTS (KOHA)
Source of classification or shelving scheme Dewey Decimal Classification
Koha item type Books
Holdings
Lost status Source of classification or shelving scheme Damaged status Not for loan Collection code Permanent Location Current Location Shelving location Date acquired Source of acquisition Total Checkouts Full call number Date last seen Copy number Koha item type
  Dewey Decimal Classification   Added to bundle Fiction Central Library, University of Rajshahi Central Library, University of Rajshahi Reading Room 24/03/1986 U. S. I. S.   920 VOM 1978 15/03/2014 C-1 Books